Manipur: the glorious past (Record no. 378308)

000 -LEADER
fixed length control field 00470cam a22001577a 4500
008 - FIXED-LENGTH DATA ELEMENTS--GENERAL INFORMATION
fixed length control field 180718b1994 xxu||||| |||| 00| 0 eng d
020 ## - INTERNATIONAL STANDARD BOOK NUMBER
International Standard Book Number 8173050503
082 ## - DEWEY DECIMAL CLASSIFICATION NUMBER
Classification number BA1x54121 Sh23
100 ## - MAIN ENTRY--PERSONAL NAME
Personal name Sharma, A.K.
245 ## - TITLE STATEMENT
Title Manipur: the glorious past
Statement of responsibility, etc. by A.K. Sharma
260 ## - PUBLICATION, DISTRIBUTION, ETC.
Place of publication, distribution, etc. New Delhi
Name of publisher, distributor, etc. Aryan Books
Date of publication, distribution, etc. 1994
300 ## - PHYSICAL DESCRIPTION
Extent 96p.
650 ## - SUBJECT ADDED ENTRY--TOPICAL TERM
Topical term or geographic name entry element Manipur (India) --Antiquities.
650 ## - SUBJECT ADDED ENTRY--TOPICAL TERM
Topical term or geographic name entry element Sekta (India) --Antiquities
650 ## - SUBJECT ADDED ENTRY--TOPICAL TERM
Topical term or geographic name entry element Excavations (Archaeology) --India --Sekta
Holdings
Withdrawn status Lost status Damaged status Not for loan Permanent Location Current Location Date acquired Full call number Barcode Date last seen Price effective from Koha item type
        Indian Institute of Public Administration Indian Institute of Public Administration 1997-03-14 BA1x54121 Sh23 69947 2018-07-21 2018-07-21 Book

Powered by Koha